Учебно-методическое пособие по работе со сборником стихотворений "От старины до наших дней истории простых семей" авторского коллектива педагогов, родителей и выпускников МБДОУ "Детский сад № 4" (Запись № 13469897)
[ простой вид ]
| 000 -МАРКЕР | |
|---|---|
| контрольное поле | 02300nam0a2200361 4500 |
| 001 - ИДЕНТИФИКАТОР ЗАПИСИ | |
| контрольное поле | RU\NLR\BIBL_A\022622709 |
| 005 - ИДЕНТИФИКАТОР ВЕРСИИ | |
| контрольное поле | 20251126153929.0 |
| 010 ## - МЕЖДУНАРОДНЫЙ СТАНДАРТНЫЙ НОМЕР КНИГИ (ISBN) | |
| Номер (ISBN) | 978-5-8311-1616-8 |
| Тираж | 200 |
| 021 ## - НОМЕР ГОСУДАРСТВЕННОЙ РЕГИСТРАЦИИ | |
| Код страны | Российская Федерация |
| Номер | КН-П-25-043380 |
| Номер Листа государственной регистраци | КН-П-25-4223 |
| 035 ## - ДРУГИЕ СИСТЕМНЫЕ НОМЕРА | |
| Идентификатор записи | (NLR Aleph) 022622709 |
| 100 ## - ДАННЫЕ ОБЩЕЙ ОБРАБОТКИ | |
| Данные общей обработки | 20250916d2025 u y0rusy50 ca |
| 101 0# - ЯЗЫК РЕСУРСА | |
| Язык текста, звукозаписи и т.д. | русский |
| 102 ## - СТРАНА ПУБЛИКАЦИИ ИЛИ ПРОИЗВОДСТВА | |
| Страна публикации | Российская Федерация |
| 105 ## - ПОЛЕ КОДИРОВАННЫХ ДАННЫХ: ТЕКСТОВЫЕ МАТЕРИАЛЫ, МОНОГРАФИЧЕСКИЕ | |
| Кодированные данные о монографическом текстовом документе | a z 000yy |
| 181 #0 - ПОЛЕ КОДИРОВАННЫХ ДАННЫХ: ВИД СОДЕРЖАНИЯ | |
| Код вида содержания (ISBD) | i3 |
| Код характеристики содержания (ISBD) | axxe |
| 182 #0 - ПОЛЕ КОДИРОВАННЫХ ДАННЫХ: ТИП СРЕДСТВА | |
| Код типа средства (ISBD) | n - непосредственное |
| 200 1# - ЗАГЛАВИЕ И СВЕДЕНИЯ ОБ ОТВЕТСТВЕННОСТИ | |
| Основное заглавие | Учебно-методическое пособие по работе со сборником стихотворений "От старины до наших дней истории простых семей" авторского коллектива педагогов, родителей и выпускников МБДОУ "Детский сад № 4" |
| Первые сведения об ответственности | Муниципальное бюджетное дошкольное образовательное учреждение "Детский сад № 4 "Улыбка" комбинированного вида" города Юрьева-Польского |
| Последующие сведения об ответственности | О. Н. Пухарина, старший воспитатель, и творческая группа педагогов МБДОУ "Детский сад № 4" |
| 203 ## - ВИД СОДЕРЖАНИЯ И ТИП СРЕДСТВА | |
| Вид содержания | Текст |
| Дополнительные сведения об издании | визуальный |
| Тип средства | непосредственный |
| 210 ## - ПУБЛИКАЦИЯ, РАСПРОСТРАНЕНИЕ И ДР. | |
| Место издания, распространения и т.д. | Владимир |
| Имя издателя, распространителя и т. д. | Транзит-ИКС |
| Дата издания, распространения и т.д. | 2025 |
| 215 ## - ФИЗИЧЕСКАЯ ХАРАКТЕРИСТИКА | |
| Специфическое обозначение материала и объем | 50 с. |
| Другие сведения о физической характеристике | цв. ил. |
| Размеры | 20 |
| 320 ## - ПРИМЕЧАНИЯ О НАЛИЧИИ В ДОКУМЕНТЕ БИБЛИОГРАФИИ / УКАЗАТЕЛЯ | |
| Текст примечания | Библиогр.: с. 49 (6 назв.) |
| 606 1# - НАИМЕНОВАНИЕ ТЕМЫ КАК ПРЕДМЕТ | |
| Наименование темы | Дошкольники |
| Формальный подзаголовок | Учебно-методические пособия |
| Тематический подзаголовок | Воспитание любви к семье |
| Системный номер авторитетной/нормативной записи | 2589722 |
| Идентификатор авторитетной/нормативной записи | RU\NLR\AUTH\661530509 |
| 606 1# - НАИМЕНОВАНИЕ ТЕМЫ КАК ПРЕДМЕТ | |
| Наименование темы | Дошкольные учреждения |
| Формальный подзаголовок | Учебно-методические пособия |
| Тематический подзаголовок | Работа с родителями |
| Системный номер авторитетной/нормативной записи | 2312270 |
| Идентификатор авторитетной/нормативной записи | RU\NLR\AUTH\661383807 |
| 686 1# - ИНДЕКСЫ ДРУГИХ КЛАССИФИКАЦИЙ | |
| Индекс | Ч411.51я7 |
| 686 1# - ИНДЕКСЫ ДРУГИХ КЛАССИФИКАЦИЙ | |
| Индекс | Ч411.352я7 |
| 702 #1 - ИМЯ ЛИЦА - ВТОРИЧНАЯ ОТВЕТСТВЕННОСТЬ | |
| Начальный элемент ввода | Пухарина |
| Часть имени, кроме начального элемента ввода | О. Н. |
| Расширение инициалов личного имени | Ольга Николаевна |
| Код отношения | Составитель |
| 711 02 - НАИМЕНОВАНИЕ ОРГАНИЗАЦИИ - АЛЬТЕРНАТИВНАЯ ОТВЕТСТВЕННОСТЬ | |
| Начальный элемент ввода | "Улыбка", детский сад комбинированного вида |
| Идентифицирующий признак | 4; Юрьев-Польский |
| Системный номер авторитетной/нормативной записи | 885226 |
| Идентификатор авторитетной/нормативной записи | RU\NLR\AUTH\880613375 |
| 942 ## - ДОПОЛНИТЕЛЬНЫЕ ЭЛЕМЕНТЫ ЗАПИСИ (АБИС) | |
| Тип экземпляра АБИС | Книга |
| 980 ## - КОЛЛЕКЦИЯ | |
| Название коллекции | Национальная библиография |
Нет доступных экземпляров.